Đang tải...

World bank and development of SAARC nations

Chi tiết về thư mục
Tác giả chính: Vijay Shukla
Định dạng: Printed Book
Ngôn ngữ:Undetermined
Được phát hành: New Delhi Deep&Deep Publications 1993
LEADER 00563nam a2200145Ia 4500
008 161229s9999 xx 000 0 und d
020 |a 8171005241 
082 |a 332.153 2 VIJ/WO 
100 |a Vijay Shukla 
245 |a World bank and development of SAARC nations  
260 |b Deep&Deep Publications  |a New Delhi  |c 1993 
300 |a ix, 282 
942 |c BK 
999 |c 151219  |d 151219 
952 |0 0  |1 0  |4 0  |6 332_153000000000000_2_VIJWO  |7 0  |9 150270  |a KAUCLV  |b KAUCLV  |d 2016-12-29  |g 280.00  |o 332.153 2 VIJ/WO  |p 902528  |r 2016-12-29  |w 2016-12-29  |y BK  |z Book transferred from CCBM Library ,Acc.No:4236